000 00899nam a2200193Ii 4500
003 JO-AjNU
008 230605s9999||||xx |||||||||||||| ||und||
040 _aJO-AjNU
_bara
_erda
_cJO-AjNU
041 _aara
050 1 4 _aKZ6310 2004
100 3 _aاللجنة الدولية للصليب الاحمر,
_eauthor
_945954
245 0 0 _aالمحكمة الجنائية الدولية وتوسيع نطاق القانون الدولي الإنساني: ندوة تحت رعاية الاستاذ الدكتور هاني مرتضى 12-14 كانون الاول 2003
264 3 1 _aدمشق: اللجنة الدولية للصليب الاحمر، 2004
300 _a328ص
336 _atext
_btxt
_2rdacontent
337 _aunmediated
_bn
_2rdamedia
338 _avolume
_bnc
_2rdacarrier
650 4 _aالقانون الدولي الانساني - المحاكم الجنائبة الدولية
_945955
999 _aA19957
_c23525
_d23525